书目信息 |
| 题名: |
怎样修理扩音机
|
|
| 作者: | 顾春迎 编 | |
| 分册: | ||
| 出版信息: | 北京 人民邮电出版社 1983 |
|
| 页数: | 165页 | |
| 开本: | 19cm | |
| 丛书名: | 无线电爱好者丛书 | |
| 单 册: | ||
| 中图分类: | TN912.2 , TN722.1 | |
| 科图分类: | ||
| 主题词: | 扩音机--维修 , 放大技术 , 放大器 | |
| 电子资源: | ||
| ISBN: | ||
| 000 | 00786nam2 2200301 45 | |
| 001 | 0183005102 | |
| 005 | 20040909093321.8 | |
| 010 | @dCNY0.63 | |
| 091 | @a115045.总2735-无6239 | |
| 100 | @a19950630d1983 em y0chiy0121 ea | |
| 101 | 0 | @achi |
| 102 | @aCN@b110000 | |
| 105 | @ay z 000yy | |
| 106 | @ar | |
| 200 | 10 | @a怎样修理扩音机@Azen yang xiu li kuo yin ji@f郑春迎编 |
| 210 | @a北京@c人民邮电出版社@d1983 | |
| 215 | @a165页@d19cm | |
| 225 | 2 | @a无线电爱好者丛书 |
| 410 | 0 | @120010@a无线电爱好者丛书 |
| 606 | @a扩音机@x维修 | |
| 606 | 0 | @a放大技术 |
| 606 | 0 | @a放大器 |
| 690 | @aTN912.2@v3 | |
| 690 | @aTN722.1@v3 | |
| 701 | 0 | @a顾春迎@Agu chun ying@4编 |
| 801 | 0 | @aCN@b上海图书馆@c20040518 |
| 801 | 2 | @aCN@bNLC@c20040518 |
| 905 | @dTN722.1@e5@f1@b91508 | |
| 怎样修理扩音机/郑春迎编.-北京:人民邮电出版社,1983 |
| 165页;19cm.-(无线电爱好者丛书) |
| ISBN :CNY0.63 |
| ● |
| 相关链接 |
|
|
|
|
正题名:怎样修理扩音机
索取号:TN722.1/5
 
预约/预借
| 序号 | 登录号 | 条形码 | 馆藏地/架位号 | 状态 | 备注 |
| 1 | 0091508 | 001950794 | 第三借阅区/ [索取号:TN722.1/5] | 在馆 | |
| 2 | 0091509 | 001355189 | 第三借阅区/ [索取号:TN722.1/5] | 在馆 | |
| 3 | 0091510 | 001355143 | 第二样本阅览室/ [索取号:TN722.1/5] | 在馆 |